00607nam a2200193Ia 4500003000400000005001700004008004100021020001500062040001800077041000800095082002200103100002100125245012200146250000800268260004000276300002400316650003900340650003400379OSt20220204093734.0210716s1992 xx 000 0 und d a0679406840 cAIMIT LIBRARY aeng a658.4 21stbCOND aConner, Daryl R. aManaging at the speed of change:bhow resilient managers succeed and prosper where others fail /cBy Daryl R. Conner. a1st aNew York :c1994 .bVillard Books , axxxi,282p. ;c24cm. aResilience and the speed of change aLessons Buried in the Mystery